Česká republika : obecně zeměpisná mapa ; Česká republika : Administrativní dělení

Corporate Author: Kartografie Praha (firma)
Language: Czech
Published: Praha : Kartografie, c1998
Online Access: Digitalizovaný dokument
Physical Description: 2 mapy na 1 listu : obě strany, barev. ; 19 x 38 cm, na listu 32 x 46 cm
Map
Saved in:
LEADER 01453nem a2200361 a 4500
001 000359069
003 CZ BrMZK
005 20140120164835.0
007 aj|ca|||
008 010907s1998 xr a 0 cze d
034 1 |a a  |b 1500000  |d E0120108  |e E0195227  |f N0510523  |g N0483125 
040 |a BOA001  |b cze 
043 |a e-xr---  |2 czenas 
072 7 |a 913(437)  |x Geografie Česka a Slovenska, reálie, cestování  |2 Konspekt  |9 7 
072 7 |a 912  |x Mapy. Atlasy. Glóby  |2 Konspekt  |9 7 
080 |a 912(437.1)  |2 MRF 
080 |a (437.3)  |2 MRF 
080 |a (084.3)  |2 MRF 
080 |a (084.3)32  |2 MRF 
110 2 |a Kartografie Praha (firma)  |7 kn20010724363  |4 ctg 
245 1 0 |a Česká republika :  |h [kartografický dokument]  |b obecně zeměpisná mapa ; Česká republika : Administrativní dělení 
255 |a Měřítko 1:1 500 000  |c (012°01´08" v.d.--019°52´27" v.d./051°05´23" s.š.--048°31´25" s.š.) 
260 |a Praha :  |b Kartografie,  |c c1998 
300 |a 2 mapy na 1 listu :  |b obě strany, barev. ;  |c 19 x 38 cm, na listu 32 x 46 cm 
500 |a Mapa administrativního dělení na rubu 
655 7 |a politické a správní mapy  |7 fd133032  |2 czenas 
655 4 |a obecně zeměpisné mapy 
651 7 |a Česko  |7 ge128065  |2 czenas 
856 4 1 |u http://www.digitalniknihovna.cz/mzk/uuid/uuid:b12e5428-8502-4716-be70-7e725f63c993  |y Digitalizovaný dokument 
910 |a BOA001  |b Mpa-1050.226 
964 |a Česko  |x mapy 
990 |a MP 
991 |b 201308